Từ xưng hô qua lời thoại của nhân vật trong truyện ngắn Nam Cao
Giới thuyết chung. Khảo sát từ xưng hô qua lời thoại của nhân vật trong truyện ngắn Nam Cao. Vai trò của từ xưng hô qua lời thoại của nhân vật trong truyện ngắn Nam Cao
Saved in:
| Main Author: | |
|---|---|
| Other Authors: | |
| Format: | Book |
| Language: | Vietnamese |
| Published: |
Đà Nẵng
Đại học Sư phạm, Đại học Đà Nẵng
2012
|
| Subjects: | |
| Tags: |
Add Tag
No Tags, Be the first to tag this record!
|
| Institutions: | Mạng thư viện Đại học Đà Nẵng |
|---|
| LEADER | 01756nam a2200349 4500 | ||
|---|---|---|---|
| 001 | 000017066 | ||
| 003 | 13477 | ||
| 005 | 20130228090227.0 | ||
| 008 | 130228s2012 viesd | ||
| 041 | 0 | |a vie | |
| 082 | |a 895.9223 |b NG-D | ||
| 100 | 1 | |a Nguyễn Thị Duyên | |
| 245 | |a Từ xưng hô qua lời thoại của nhân vật trong truyện ngắn Nam Cao |c Nguyễn Thị Duyên ; Nguyễn Thị Thân hướng dẫn |k Khóa luận tốt nghiệp | ||
| 260 | |a Đà Nẵng |b Đại học Sư phạm, Đại học Đà Nẵng |c 2012 | ||
| 300 | |a 69 tr. |c 29 cm. |e Đĩa CD, bản tóm tắt | ||
| 500 | |a Khóa luận tốt nghiệp đại học. Chuyên ngành: Sư phạm Ngữ văn | ||
| 504 | |a Mục lục đầu trang, tài liệu tham khảo tr. 73 - 74, phụ lục [13 tr.] | ||
| 520 | |a Giới thuyết chung. Khảo sát từ xưng hô qua lời thoại của nhân vật trong truyện ngắn Nam Cao. Vai trò của từ xưng hô qua lời thoại của nhân vật trong truyện ngắn Nam Cao | ||
| 600 | 1 | 4 | |a Nam Cao |b Vua |c Đinh Tiên Hoàng |d 1915-1951 |
| 650 | 0 | 4 | |a Truyện ngắn Việt Nam |v Khóa luận tốt nghiệp |x Nghiên cứu |z Việt Nam |
| 653 | |a Khoa Ngữ văn |a Truyện ngắn | ||
| 700 | |a Nguyễn Thị Thân |e Hướng dẫn | ||
| OWN | |a LSP | ||
| AVA | |a UDN50 |b LSP |d 895.9223 NG-D |e available |t Error 5001 Not defined in file expand_doc_bib_avail. |f 1 |g 0 |h N |i 0 |k 1 | ||
| 999 | |a From the UDN01 | ||
| AVA | |a UDN50 |b LSP |d 895.9223 NG-D |e available |t Error 5001 Not defined in file expand_doc_bib_avail. |f 1 |g 0 |h N |i 0 |k 1 | ||
| TYP | |a Monograph | ||
| TYP | |a Printed language | ||
| 980 | |a Mạng thư viện Đại học Đà Nẵng | ||